Principles of instrumental analysis (Record no. 8828)

MARC details
000 -LEADER
fixed length control field 00784nam a22002057a 4500
008 - FIXED-LENGTH DATA ELEMENTS--GENERAL INFORMATION
fixed length control field 221101b ||||| |||| 00| 0 eng d
020 ## - INTERNATIONAL STANDARD BOOK NUMBER
International Standard Book Number 9781305577213 (hbk.)
040 ## - CATALOGING SOURCE
Original cataloging agency GUL
Language of cataloging eng
Transcribing agency TOSD
Modifying agency TOSD
042 ## - AUTHENTICATION CODE
Authentication code pcc
082 ## - DEWEY DECIMAL CLASSIFICATION NUMBER
Edition number 615.056B16
Classification number 23
100 1# - MAIN ENTRY--PERSONAL NAME
Personal name Skoog, Douglas A.,
Relator term author.
245 10 - TITLE STATEMENT
Title Principles of instrumental analysis
Statement of responsibility, etc. Douglas A. Skoog, Stanford University, F. James Holler, University of Kentucky, Stanley R. Crouch, Michigan State University.
250 ## - EDITION STATEMENT
Edition statement Seventh edition.
300 ## - PHYSICAL DESCRIPTION
Extent xix, 959 pages :
Other physical details illustrations (some color) ;
Dimensions 29 cm
650 #0 - SUBJECT ADDED ENTRY--TOPICAL TERM
Topical term or geographic name as entry element Instrumental analysis
Form subdivision Textbooks.
504 ## - BIBLIOGRAPHY, ETC. NOTE
Bibliography, etc Includes bibliographical references and index.
700 1# - ADDED ENTRY--PERSONAL NAME
Personal name Holler, F. James,
Relator term author.
700 1# - ADDED ENTRY--PERSONAL NAME
Personal name Crouch, Stanley R.,
Relator term author.
942 ## - ADDED ENTRY ELEMENTS (KOHA)
Source of classification or shelving scheme Dewey Decimal Classification
Koha item type Book
Holdings
Withdrawn status Lost status Source of classification or shelving scheme Damaged status Not for loan Home library Current library Source of acquisition Inventory number Total Checkouts Full call number Barcode Date last seen Price effective from Koha item type
    Dewey Decimal Classification     Main Library West Wing Main Library West Wing Purchase (2022) 0040870   615.056 16 SKO GU-MLW22110012 01/11/2022 01/11/2022 Book
    Dewey Decimal Classification     Main Library West Wing Main Library West Wing Purchase (2022) 0040871   615.056 16 SKO GU-MLW22110013 01/11/2022 01/11/2022 Book
    Dewey Decimal Classification     Main Library West Wing Main Library West Wing Purchase (2022) 0040869   615.056 16 SKO GU-MLW22110014 01/11/2022 01/11/2022 Book

Gulu University Library | Gulu University P.O. Box : 166 Gulu, Uganda
Tel : +256-(0) 4714-32924 or +256-(0) 4714-33988 or +256-(0) 4714-32094 / E-mail : library@gu.ac.ug